Which City in the Middle East? - Statistics

General Stats
  • This quiz has been taken 66,783 times
    66,708 since last reset
  • The average score is 15 of 20
Answer Stats
Hint Answer % Correct
Holiest city in Judaism J Jerusalem
98%
Home to the world's tallest building D Dubai
96%
Formerly known as Constantinople I Istanbul
94%
Where Muhammad was born M Mecca
94%
Named for Alexander the Great A Alexandria
92%
Capital of Turkey A Ankara
92%
Capital of Saudi Arabia R Riyadh
85%
Most populous city in Israel T Tel Aviv
85%
City whose "Green Zone" was established in 2003 B Baghdad
82%
Many games in the 2022 World Cup were played here D Doha
77%
Where Muhammad died M Medina
74%
Capital city on the Persian Gulf K Kuwait City
71%
Ancient Egyptian capital, namesake of a city in Tennessee M Memphis
71%
"The Paris of the Middle East", once B Beirut
70%
Capital of the Umayyad Caliphate D Damascus
66%
City on the Red Sea, home to a building planned to be even taller J Jeddah
62%
Egyptian city once known as Thebes L Luxor
57%
Yemeni port city situated on a gulf with the same name A Aden
46%
De-facto capital of Palestine R Ramallah
36%
Iraqi port often visited by Sinbad B Basra
33%
No matching quizzes found
Score Distribution
Percent of People with Each Score
Percentile by Number Answered
Your Score History
You have not taken this quiz since the last reset